000 00463nam a2200157Ia 4500
008 240729s9999 xx 000 0 und d
022 _a1999-8546
245 0 _aNepal Journal of Obstetrics and Gynaecology
260 _aNepal
260 _bNepal Society of Obstetricians and Gynaecologists
650 _a Gynecology and obstetrics
650 _aMedicine
856 _uhttps://doaj.org/toc/5d023a8f009f45e098176ec8b8289f10
942 _2ddc
942 _cDOAJEJ
999 _c69651
_d69651
945 _a1
_bMadushi Gamage
_c1
_dMadushi Gamage